| 000 | 00844nam0a22002291 4500 | ||
|---|---|---|---|
| 001 | rc\2880161 | ||
| 005 | 20250529213336.0 | ||
| 035 | _a(NLR Aleph) 007033047 | ||
| 090 |
_a6022407 _c6022407 |
||
| 100 | _a20110719d1929 |||y0rusy50 ca | ||
| 101 | 0 | _arus | |
| 102 | _aRU | ||
| 105 | _ak z ||||| | ||
| 200 | 1 |
_aСчетоводство жилищно-арендных кооперативных товариществ _eПракт. пособие по простому и двойному счетоводству _eС прил. инструкции и форм отчетности |
|
| 210 |
_aЛенинград _cИзд. авт. _d1929 |
||
| 215 |
_a94 с. _cбланк. _d23 см |
||
| 700 | 1 |
_aКаптелин _bП.В. |
|
| 801 | 0 |
_aRU _bNLR _gpsbo |
|
| 801 | 1 |
_aRU _bELAR _2rusmarc |
|
| 852 |
_aNLR _jЭк90 В-6/22 |
||
| 942 | _cBOOK | ||
| 980 | _aNB | ||